| 000 | 00376 a2200109 4500 | ||
|---|---|---|---|
| 001 | ART_23472 | ||
| 005 | 20260410161930.0 | ||
| 008 | 260409a | ||
| 245 | 1 | 0 | _aEl socialismo utópico |
| 100 | 1 | _aLetizia, Francisco | |
| 773 | 0 |
_tRevista de la Facultad de Ciencias Económicas de la Universidad de Cuyo _g- Año XXXVIII, Nº 93/94 (ene./dic. 1986) _wREV22981 |
|
| 999 |
_c28553 _d28553 |
||